[Event "Nantes op 11th"]
[Site "Nantes"]
[Date "2012.12.28"]
[Round "2"]
[White "Jaulin, Philippe"]
[Black "Le Pen, Steven"]
[Result "1-0"]
[WhiteElo "2160"]
[BlackElo "1883"]
[PlyCount "65"]
[EventDate "2012.12.27"]
[EventType "swiss"]
[EventRounds "7"]
[EventCountry "FRA"]
[SourceTitle "OM OTB B 201907"]
[Source "Opening Master"]
[SourceDate "2019.07.06"]
[SourceVersion "2"]
[SourceVersionDate "2019.07.06"]
[SourceQuality "1"]

1. e4 c5 2. Nf3 d6 3. d4 cxd4 4. Nxd4 Nf6 5. Nc3 Nc6 6. Be2 e5 7. Nf3 h6 8. O-O
Be7 9. Re1 O-O 10. h3 a5 11. Bb5 Be6 12. a3 Qc7 13. Be3 Na7 14. Bf1 Rfd8 15.
Nd5 Nxd5 16. exd5 Bf5 17. c4 Bh7 18. b4 b6 19. Rc1 f5 20. c5 bxc5 21. bxc5 dxc5
22. Nxe5 Bd6 23. Nc4 f4 24. Bd2 Nc8 25. Qf3 g5 26. Re6 Bf8 27. d6 Nxd6 28. Nxd6
Bxd6 29. Bc4 Bf5 30. Rf6+ Kg7 31. Bc3 Be5 32. Rf7+ Qxf7 33. Bxe5+ 1-0

[Event "Krakow op-A 23rd"]
[Site "Krakow"]
[Date "2012.12.27"]
[Round "1"]
[White "Kumor, Lukasz"]
[Black "Malinovsky, Karel"]
[Result "1-0"]
[WhiteElo "2123"]
[BlackElo "2396"]
[PlyCount "105"]
[EventDate "2012.12.27"]
[EventType "swiss"]
[EventRounds "9"]
[EventCountry "POL"]
[SourceTitle "OM OTB B 201907"]
[Source "Opening Master"]
[SourceDate "2019.07.06"]
[SourceVersion "2"]
[SourceVersionDate "2019.07.06"]
[SourceQuality "1"]

1. e4 c5 2. Nf3 d6 3. d4 cxd4 4. Nxd4 Nf6 5. Nc3 Nc6 6. Be2 e5 7. Nb3 Be7 8.
Be3 O-O 9. O-O Be6 10. Kh1 a5 11. a4 Nb4 12. f4 Rc8 13. f5 Bd7 14. Bf3 Bc6 15.
Qe2 d5 16. exd5 Bxd5 17. Nxd5 Nbxd5 18. Bxd5 Qxd5 19. Bg5 b6 20. Rad1 Qb7 21.
c3 h6 22. Bh4 e4 23. Rfe1 Rfe8 24. Nd2 e3 25. Nf1 Qe4 26. Bxf6 Bxf6 27. Qxe3
Qc6 28. Qf4 Bg5 29. Qg4 Rxe1 30. Rxe1 Rd8 31. Ng3 Kf8 32. Qe4 Qxe4 33. Nxe4 Re8
34. Re2 Bc1 35. b3 h5 36. Kg1 Re5 37. f6 gxf6 38. Kf1 f5 39. Nf6 Re3 40. Rxe3
Bxe3 41. Nxh5 Ke7 42. Ke2 Bg1 43. h3 Ke6 44. Nf4+ Kf6 45. Kd3 Ke5 46. Ne2 Bc5
47. h4 f4 48. Nd4 Kd5 49. Nf3 Bf8 50. h5 f5 51. Nh4 Ke6 52. Ng6 Bh6 53. Ke2 1-0

[Event "Krakow op-A 23rd"]
[Site "Krakow"]
[Date "2012.12.27"]
[Round "1"]
[White "Lewicki, Miroslaw"]
[Black "Shishkin, Vadim"]
[Result "1-0"]
[WhiteElo "2200"]
[BlackElo "2501"]
[PlyCount "109"]
[EventDate "2012.12.27"]
[EventType "swiss"]
[EventRounds "9"]
[EventCountry "POL"]
[SourceTitle "OM OTB B 201907"]
[Source "Opening Master"]
[SourceDate "2019.07.06"]
[SourceVersion "2"]
[SourceVersionDate "2019.07.06"]
[SourceQuality "1"]

1. e4 c5 2. Nf3 Nc6 3. d4 cxd4 4. Nxd4 Nf6 5. Nc3 d6 6. Be2 e5 7. Nb3 Be7 8.
O-O O-O 9. Bf3 a5 10. Be3 a4 11. Nd2 Be6 12. Nd5 Bxd5 13. exd5 Nb4 14. c4 Nd7
15. Nb1 f5 16. a3 Na6 17. Qxa4 e4 18. Bd1 f4 19. Bd4 Nac5 20. Qc2 Bf6 21. Bxf6
Qxf6 22. f3 Qd4+ 23. Kh1 Nd3 24. fxe4 Nxb2 25. Nd2 Nc5 26. Be2 Rae8 27. Rab1
Nba4 28. Bf3 Re7 29. Rbd1 Qe5 30. Rde1 g6 31. Bd1 Qc3 32. Qxc3 Nxc3 33. Bc2 g5
34. Rf3 N3a4 35. g3 fxg3 36. Rxg3 h6 37. Kg2 Nb6 38. h4 Rg7 39. hxg5 hxg5 40.
e5 Rf4 41. e6 Kf8 42. Rf3 Ke7 43. Rxf4 gxf4+ 44. Kf2 Na8 45. Nf3 Nc7 46. Nd4
Kf6 47. Rh1 Ke5 48. Nf3+ Kf6 49. Rh6+ Ke7 50. Nd4 Rg8 51. Nf5+ Kd8 52. Nxd6 b5
53. Rh7 N7xe6 54. dxe6 Nxe6 55. cxb5 1-0

[Event "Branicevo-ch"]
[Site "Pozarevac"]
[Date "2012.12.22"]
[Round "2"]
[White "Pastar, Slaven"]
[Black "Cabrilo, Goran"]
[Result "0-1"]
[WhiteElo "2124"]
[BlackElo "2437"]
[PlyCount "112"]
[EventDate "2012.12.21"]
[EventType "swiss"]
[EventRounds "5"]
[EventCountry "SRB"]
[SourceTitle "OM OTB B 201907"]
[Source "Opening Master"]
[SourceDate "2019.07.06"]
[SourceVersion "2"]
[SourceVersionDate "2019.07.06"]
[SourceQuality "1"]

1. e4 c5 2. Nf3 d6 3. d4 cxd4 4. Nxd4 Nf6 5. Nc3 Nc6 6. Be2 e5 7. Nb3 Be7 8.
O-O O-O 9. Be3 a5 10. f3 Be6 11. Nd5 Bxd5 12. exd5 Nb4 13. c4 b6 14. Nd2 Nd7
15. a3 Na6 16. Rb1 Bg5 17. Bxg5 Qxg5 18. Ne4 Qe7 19. b4 f5 20. Nc3 Nc7 21. Na4
axb4 22. axb4 Rfb8 23. Nc3 g6 24. Qc2 Qg5 25. Ra1 Nf6 26. Qc1 Qh4 27. Qe3 Qd4
28. Qxd4 exd4 29. Nb5 Nxb5 30. cxb5 Kf8 31. Rad1 Re8 32. Bc4 Ra4 33. Rxd4 Rxb4
34. Rfd1 Nd7 35. Bf1 Rxd4 36. Rxd4 Ra8 37. g4 fxg4 38. fxg4 g5 39. Kf2 Ra2+ 40.
Be2 Ne5 41. Ke3 Ke7 42. Rd1 Nd7 43. Rh1 Ra7 44. Kf2 Nc5 45. Bf3 Nd7 46. Kg2 Ne5
47. Be2 Ra2 48. Kf1 Ra1+ 49. Kg2 Rxh1 50. Kxh1 Kf6 51. Kg2 h6 52. Kf2 Nd7 53.
Ke3 Ke5 54. Kd3 Nf6 55. Bf3 Nxd5 56. Be2 Nf4+ 0-1

[Event "CHI-chT"]
[Site "Santiago de Chile"]
[Date "2012.12.18"]
[Round "8"]
[White "Fuentes Toro, Cristian"]
[Black "Perez Gormaz, Matias Ariel"]
[Result "1/2-1/2"]
[WhiteElo "1958"]
[BlackElo "2264"]
[PlyCount "120"]
[EventDate "2012.11.22"]
[EventType "team-tourn"]
[EventRounds "9"]
[EventCountry "CHI"]
[SourceTitle "OM OTB B 201907"]
[Source "Opening Master"]
[SourceDate "2019.07.06"]
[SourceVersion "2"]
[SourceVersionDate "2019.07.06"]
[SourceQuality "1"]

1. e4 c5 2. Nf3 d6 3. d4 cxd4 4. Nxd4 Nf6 5. Nc3 Nc6 6. Be2 e5 7. Nb3 Be7 8.
Be3 O-O 9. O-O a5 10. a3 Be6 11. Qd3 a4 12. Nd2 d5 13. exd5 Nxd5 14. Nxd5 Qxd5
15. Qxd5 Bxd5 16. Nc4 Be4 17. c3 Rad8 18. Bb6 Rd5 19. Rfd1 Rb5 20. Rd7 Bd5 21.
Rxb7 Bd8 22. Ne3 Rxb2 23. Nxd5 Rxe2 24. Rb1 g6 25. Bc5 Re8 26. Kf1 Rc2 27. Rd7
e4 28. Bd6 Rd2 29. Bf4 Rd3 30. Rbb7 g5 31. Bg3 Rf8 32. Ke2 h5 33. h3 h4 34. Bh2
Na5 35. Rb8 Nc6 36. Rc8 Ne7 37. Nxe7+ Bxe7 38. Rxf8+ Kxf8 39. Rxd3 exd3+ 40.
Kxd3 Bxa3 41. Kc4 Bc1 42. Bd6+ Ke8 43. Be5 Kd7 44. Kd3 Ke6 45. Bd4 Bf4 46. Bc5
Kd5 47. Ba3 Bd6 48. Bc1 f6 49. c4+ Kc5 50. Ba3+ Kc6 51. Bb2 Be5 52. Ba3 f5 53.
f3 Bd6 54. Bb2 Kd7 55. Kc2 Ke6 56. Kb1 f4 57. Ka2 Bc5 58. Bc3 Ke7 59. Bb2 Ke6
60. Bc3 Ke7 1/2-1/2

[Event "Novokuznetsk-ch"]
[Site "Novokuznetsk"]
[Date "2012.12.15"]
[Round "8"]
[White "Kolesnikov, Oleg"]
[Black "Sukiasyan, Artem"]
[Result "0-1"]
[WhiteElo "1991"]
[BlackElo "1822"]
[PlyCount "110"]
[EventDate "2012.11.18"]
[EventType "swiss"]
[EventRounds "9"]
[EventCountry "RUS"]
[SourceTitle "OM OTB B 201907"]
[Source "Opening Master"]
[SourceDate "2019.07.06"]
[SourceVersion "2"]
[SourceVersionDate "2019.07.06"]
[SourceQuality "1"]

1. e4 c5 2. Nf3 Nc6 3. d4 cxd4 4. Nxd4 Nf6 5. Nc3 d6 6. Be2 e5 7. Nb3 Be7 8.
Bg5 O-O 9. Bxf6 Bxf6 10. Nd5 Bg5 11. Qd3 Ne7 12. h4 Nxd5 13. hxg5 Nf4 14. Qg3
Ne6 15. g6 fxg6 16. Bc4 Kh8 17. Rxh7+ Kxh7 18. Qh3+ Kg8 19. Bxe6+ Bxe6 20.
Qxe6+ Rf7 21. Qxg6 Qf6 22. Qg3 Qf4 23. Qxf4 Rxf4 24. f3 Rd8 25. Rd1 b6 26. Ke2
Rf7 27. Rd5 Rfd7 28. g3 Kf7 29. f4 Kf6 30. Kf3 g5 31. Nc1 gxf4 32. gxf4 exf4
33. Nd3 Rh7 34. Nxf4 Rh2 35. Ne2 Ke7 36. Nd4 Kd7 37. e5 Rf8+ 38. Kg3 Rh6 39.
e6+ Ke8 40. Nf5 Rg6+ 41. Kf4 Rxe6 42. Kg5 Re5 43. Rxe5+ dxe5 44. c4 Kd7 45. b4
Ke6 46. Ng7+ Kf7 47. Nf5 Rg8+ 48. Kh4 Kf6 49. Ne3 e4 50. Kh3 Ke5 51. Nc2 Kf4
52. Kh2 Kf3 53. c5 Rd8 54. cxb6 axb6 55. Ne1+ Kf2 0-1

[Event "Novokuznetsk-ch"]
[Site "Novokuznetsk"]
[Date "2012.12.15"]
[Round "8"]
[White "Leonov, A."]
[Black "Chernov, Mikhail"]
[Result "0-1"]
[WhiteElo "2155"]
[BlackElo "2238"]
[PlyCount "140"]
[EventDate "2012.11.18"]
[EventType "swiss"]
[EventRounds "9"]
[EventCountry "RUS"]
[SourceTitle "OM OTB B 201907"]
[Source "Opening Master"]
[SourceDate "2019.07.06"]
[SourceVersion "2"]
[SourceVersionDate "2019.07.06"]
[SourceQuality "1"]

1. e4 c5 2. Nf3 Nc6 3. d4 cxd4 4. Nxd4 Nf6 5. Nc3 d6 6. Be2 e5 7. Nxc6 bxc6 8.
O-O Be7 9. Kh1 O-O 10. f4 Nd7 11. f5 Bb7 12. Bc4 Nf6 13. Bb3 d5 14. Qe2 a5 15.
exd5 Ba6 16. Bc4 Bxc4 17. Qxc4 cxd5 18. Qe2 d4 19. Ne4 Qd5 20. Nf2 Rab8 21. b3
Rbc8 22. Bg5 Rc6 23. Bxf6 Bxf6 24. Ne4 Rfc8 25. Rac1 d3 26. Nxf6+ gxf6 27. Qg4+
Kh8 28. c4 Qc5 29. Rcd1 Rd6 30. Rf3 Rg8 31. Qe4 Rd4 32. Qe3 e4 33. Rf2 Qe5 34.
g3 Rg5 35. Rdf1 Rd6 36. Rf4 d2 37. Rd1 Rxf5 38. Rxe4 Qb2 39. Qh6 Rd8 40. Re2
Rf1+ 41. Rxf1 d1=Q 42. Re8+ Rxe8 43. Rxd1 Qe5 44. Qf4 Qe6 45. Rf1 Kg7 46. Qf3
a4 47. Kg2 a3 48. Rf2 Qe5 49. c5 Re6 50. c6 Qc5 51. Rd2 Rxc6 52. Qg4+ Qg5 53.
Qxg5+ fxg5 54. Kf3 Kg6 55. Ke4 f5+ 56. Kd5 Rc1 57. b4 Rb1 58. Kc4 Rb2 59. Kc3
f4 60. gxf4 gxf4 61. Rd8 Kf5 62. Rh8 Rxa2 63. Kb3 Rxh2 64. Kxa3 f3 65. Rf8+ Ke4
66. b5 Rh6 67. Kb4 Ke3 68. Kc5 f2 69. b6 Rh1 70. Kc6 f1=Q 0-1

[Event "IRI-ch"]
[Site "Zahedan"]
[Date "2012.12.10"]
[Round "5"]
[White "Bakhtiari Kish, Mazdak"]
[Black "Lorparizangeneh, Shahin"]
[Result "1-0"]
[WhiteElo "2162"]
[BlackElo "2190"]
[PlyCount "95"]
[EventDate "2012.12.07"]
[EventType "swiss"]
[EventRounds "11"]
[EventCountry "IRI"]
[SourceTitle "OM OTB B 201907"]
[Source "Opening Master"]
[SourceDate "2019.07.06"]
[SourceVersion "2"]
[SourceVersionDate "2019.07.06"]
[SourceQuality "1"]

1. e4 c5 2. Nf3 d6 3. d4 cxd4 4. Nxd4 Nf6 5. Nc3 Nc6 6. Be2 e5 7. Nf3 h6 8. O-O
Be7 9. h3 Be6 10. Re1 O-O 11. Bf1 Rc8 12. Nd5 Bxd5 13. exd5 Nb8 14. c4 a5 15.
Be3 Na6 16. Qa4 Ne4 17. g4 Nec5 18. Qc2 Qd7 19. Qf5 Qxf5 20. gxf5 Nb4 21. Bxc5
Rxc5 22. Red1 Rc7 23. Rac1 Bf6 24. a3 Na6 25. b3 Re8 26. Ne1 Nc5 27. b4 axb4
28. axb4 Nb3 29. Rb1 Nd4 30. c5 Nxf5 31. c6 bxc6 32. dxc6 Rb8 33. b5 Nd4 34.
Bc4 e4 35. Ng2 d5 36. Bxd5 Rxb5 37. Bxe4 g6 38. Ne3 Rxb1 39. Rxb1 Ne2+ 40. Kf1
Nc3 41. Rb8+ Kg7 42. Bf3 Be5 43. Rb3 Kf8 44. Nc4 Bf6 45. Rb7 Bd8 46. Rb8 Ke8
47. Nd6+ Ke7 48. Nb7 1-0

[Event "Mazowiec-chT op Autumn"]
[Site "Poland"]
[Date "2012.12.09"]
[Round "8.7"]
[White "Kania, Wlodzimierz"]
[Black "Marczukiewicz, Jerzy"]
[Result "0-1"]
[WhiteElo "1852"]
[BlackElo "1977"]
[PlyCount "100"]
[EventDate "2012.10.14"]
[EventType "team-swiss"]
[EventRounds "8"]
[EventCountry "POL"]
[SourceTitle "OM OTB B 201907"]
[Source "Opening Master"]
[SourceDate "2019.07.06"]
[SourceVersion "2"]
[SourceVersionDate "2019.07.06"]
[SourceQuality "1"]

1. e4 c5 2. Nf3 Nc6 3. d4 cxd4 4. Nxd4 Nf6 5. Nc3 d6 6. Be2 e5 7. Nb3 Be7 8.
O-O O-O 9. a4 Be6 10. Be3 a5 11. f3 Nb4 12. Bb5 Rc8 13. Rf2 d5 14. exd5 Nfxd5
15. Nxd5 Nxd5 16. Re2 Nxe3 17. Rxe3 Qb6 18. Qe2 Bg5 19. Re1 Bxe3+ 20. Qxe3
Qxe3+ 21. Rxe3 Bxb3 22. Rxb3 Rxc2 23. Bd3 Rd2 24. Bc4 Rd4 25. Bb5 Rc8 26. Re3
f6 27. b3 Rc2 28. Bd3 Rb2 29. h3 g6 30. Be4 b6 31. Bd3 Kg7 32. Bc4 Rd1+ 33. Kh2
Rdd2 34. Bf1 Kh6 35. Rc3 Rbc2 36. Re3 Kg5 37. Re4 h5 38. h4+ Kh6 39. Re3 Rd4
40. Kh3 Rf2 41. Bd3 Kg7 42. Kg3 Rb2 43. Be2 Rdd2 44. Kf2 Kf7 45. g4 Ke6 46. Kf1
Rxe2 47. Rxe2 Rxe2 48. Kxe2 Kd5 49. Kd3 f5 50. g5 f4 0-1

[Event "Novokuznetsk-ch"]
[Site "Novokuznetsk"]
[Date "2012.12.09"]
[Round "7"]
[White "Khramtsova, Irina"]
[Black "Chernov, Mikhail"]
[Result "0-1"]
[WhiteElo "2046"]
[BlackElo "2238"]
[PlyCount "66"]
[EventDate "2012.11.18"]
[EventType "swiss"]
[EventRounds "9"]
[EventCountry "RUS"]
[SourceTitle "OM OTB B 201907"]
[Source "Opening Master"]
[SourceDate "2019.07.06"]
[SourceVersion "2"]
[SourceVersionDate "2019.07.06"]
[SourceQuality "1"]

1. e4 c5 2. Nf3 Nc6 3. d4 cxd4 4. Nxd4 Nf6 5. Nc3 d6 6. Be2 e5 7. Nb3 Be7 8.
O-O O-O 9. f4 exf4 10. Bxf4 Be6 11. Kh1 Rc8 12. Nd4 Ne5 13. Nxe6 fxe6 14. Qd4
Qa5 15. Rad1 a6 16. a3 Rc6 17. Qe3 Qc7 18. Qh3 Qc8 19. Qg3 Nf7 20. Bf3 Rc5 21.
Be3 Rc4 22. Bd4 Kh8 23. Be2 Rc6 24. Bd3 Ne5 25. Be2 Nc4 26. Bxc4 Rxc4 27. e5
Ne4 28. Rxf8+ Qxf8 29. Qd3 Rxd4 30. Qxd4 Nf2+ 31. Kg1 dxe5 32. Qxe5 Ng4 33. Qc7
Bc5+ 0-1

[Event "London Classic op 4th"]
[Site "London"]
[Date "2012.12.07"]
[Round "7"]
[White "Millward, Richard"]
[Black "Stachanczyk, Jacek"]
[Result "1/2-1/2"]
[WhiteElo "2048"]
[BlackElo "2265"]
[PlyCount "36"]
[EventDate "2012.12.01"]
[EventType "swiss"]
[EventRounds "9"]
[EventCountry "ENG"]
[SourceTitle "OM OTB B 201907"]
[Source "Opening Master"]
[SourceDate "2019.07.06"]
[SourceVersion "2"]
[SourceVersionDate "2019.07.06"]
[SourceQuality "1"]

1. e4 c5 2. Nf3 d6 3. d4 cxd4 4. Nxd4 Nf6 5. Nc3 Nc6 6. Be2 e5 7. Nb3 Be7 8.
O-O O-O 9. Be3 Be6 10. f4 exf4 11. Bxf4 a6 12. Kh1 b5 13. Nd4 Nxd4 14. Qxd4 Rc8
15. a4 Bc4 16. axb5 Bxe2 17. Nxe2 axb5 18. Qd3 Qc7 1/2-1/2

[Event "Kolkata op 5th"]
[Site "Kolkata"]
[Date "2012.12.04"]
[Round "2"]
[White "Shiven, Khosla"]
[Black "Venkatesh, Marani Rajendran"]
[Result "0-1"]
[WhiteElo "2379"]
[BlackElo "2520"]
[PlyCount "76"]
[EventDate "2012.12.03"]
[EventType "swiss"]
[EventRounds "11"]
[EventCountry "IND"]
[SourceTitle "OM OTB B 201907"]
[Source "Opening Master"]
[SourceDate "2019.07.06"]
[SourceVersion "2"]
[SourceVersionDate "2019.07.06"]
[SourceQuality "1"]

1. e4 c5 2. Nf3 Nc6 3. d4 cxd4 4. Nxd4 Nf6 5. Nc3 d6 6. Be2 e5 7. Nf3 h6 8. O-O
Be7 9. Re1 O-O 10. h3 a6 11. Bf1 Qc7 12. a3 b5 13. Nd5 Nxd5 14. exd5 Na5 15.
Bd2 Nc4 16. b3 Nxd2 17. Qxd2 f5 18. a4 Bd7 19. c4 bxc4 20. Bxc4 Kh8 21. Qe2 Bf6
22. Rad1 Rfb8 23. Nd2 Qa5 24. g4 Rf8 25. gxf5 Bxf5 26. Bd3 g6 27. Ne4 Bh4 28.
Qe3 Kh7 29. Re2 Rad8 30. Bb1 Rd7 31. Kh2 Qd8 32. Bd3 Rdf7 33. f3 Bxh3 34. Rg1
Rxf3 35. Qa7+ R8f7 36. Qxa6 Bf5 37. Rgg2 Bg3+ 38. Kg1 Bc8 0-1

[Event "BL2 Sued 1213 (Women)"]
[Site "Germany"]
[Date "2012.12.02"]
[Round "4.2"]
[White "Ankerst, Milka"]
[Black "Leks, Hanna"]
[Result "1/2-1/2"]
[WhiteElo "2083"]
[BlackElo "2202"]
[PlyCount "78"]
[EventDate "2012.10.06"]
[EventType "team-tourn"]
[EventRounds "7"]
[EventCountry "GER"]
[SourceTitle "OM OTB B 201907"]
[Source "Opening Master"]
[SourceDate "2019.07.06"]
[SourceVersion "2"]
[SourceVersionDate "2019.07.06"]
[SourceQuality "1"]
[WhiteTeam "Bayern Muenchen (W)"]
[BlackTeam "Schott Mainz (W)"]
[WhiteTeamCountry "GER"]
[BlackTeamCountry "GER"]

1. e4 c5 2. Nf3 d6 3. d4 cxd4 4. Nxd4 Nf6 5. Nc3 Nc6 6. Be2 e5 7. Nb3 Be7 8.
Be3 O-O 9. f3 a5 10. a3 Be6 11. Nd2 Rb8 12. a4 d5 13. exd5 Nxd5 14. Nxd5 Bxd5
15. O-O Nd4 16. c3 Nxe2+ 17. Qxe2 Qc7 18. Rfd1 f5 19. Qb5 Qc6 20. Bb6 Rf6 21.
Bf2 Qxb5 22. axb5 b6 23. Nb1 Bc4 24. Na3 Bxa3 25. Rxa3 Re6 26. b4 axb4 27. cxb4
Bxb5 28. Ra7 Rc8 29. h3 e4 30. Rd5 Rc1+ 31. Kh2 Be8 32. Bd4 g6 33. Rg7+ Kf8 34.
Rxh7 e3 35. Rd8 e2 36. Rh8+ Kf7 37. Rh7+ Kg8 38. Rh8+ Kf7 39. Rh7+ Kg8 1/2-1/2

[Event "MVP-ch Seniors op 12th"]
[Site "Binz"]
[Date "2012.12.01"]
[Round "4"]
[White "Schirmer, Werner"]
[Black "Klages, Hans Juergen"]
[Result "0-1"]
[WhiteElo "1891"]
[BlackElo "2040"]
[PlyCount "64"]
[EventDate "2012.11.28"]
[EventType "swiss"]
[EventRounds "9"]
[EventCountry "GER"]
[SourceTitle "OM OTB B 201907"]
[Source "Opening Master"]
[SourceDate "2019.07.06"]
[SourceVersion "2"]
[SourceVersionDate "2019.07.06"]
[SourceQuality "1"]

1. e4 c5 2. Nf3 Nc6 3. d4 cxd4 4. Nxd4 Nf6 5. Nc3 d6 6. Be2 e5 7. Nf3 h6 8. O-O
Be7 9. Re1 O-O 10. b3 Be6 11. Bb2 Qa5 12. h3 Rfd8 13. Bd3 Rac8 14. a4 Nb4 15.
Nb5 a6 16. Na3 Nxd3 17. cxd3 d5 18. exd5 Qxd5 19. Nc4 Qxd3 20. Nfxe5 Qf5 21.
Qe2 Nd5 22. Red1 Nf4 23. Qf3 Bc5 24. b4 Rxd1+ 25. Rxd1 Bxf2+ 26. Qxf2 Bxc4 27.
Nxc4 Rxc4 28. Kh2 Rxb4 29. Bc1 Qe5 30. Re1 Ne2+ 31. g3 Re4 32. Rf1 Nxg3 0-1

[Event "BL2 West 1213 (Women)"]
[Site "Germany"]
[Date "2012.12.01"]
[Round "3.6"]
[White "Mense, Petra"]
[Black "Sieber, Fiona"]
[Result "0-1"]
[WhiteElo "1450"]
[BlackElo "1800"]
[PlyCount "72"]
[EventDate "2012.10.06"]
[EventType "team-tourn"]
[EventRounds "7"]
[EventCountry "GER"]
[SourceTitle "OM OTB B 201907"]
[Source "Opening Master"]
[SourceDate "2019.07.06"]
[SourceVersion "2"]
[SourceVersionDate "2019.07.06"]
[SourceQuality "1"]
[WhiteTeam "Heiden (W)"]
[BlackTeam "Lehrte (W)"]
[WhiteTeamCountry "GER"]
[BlackTeamCountry "GER"]

1. e4 c5 2. Nf3 d6 3. d4 cxd4 4. Nxd4 Nf6 5. Nc3 Nc6 6. Be2 e5 7. Nb3 Be7 8.
O-O O-O 9. Be3 Be6 10. f3 Na5 11. Nxa5 Qxa5 12. Qd2 Rfc8 13. Rfd1 a6 14. a4 Nd7
15. Nd5 Qxd2 16. Rxd2 Kf8 17. c3 h6 18. Rad1 Bg5 19. f4 Bxd5 20. Rxd5 exf4 21.
Rxd6 Nf6 22. Bd4 Nxe4 23. Rd7 Re8 24. Bc4 Re7 25. Rd5 Bf6 26. Bxf6 Nxf6 27. Rf5
Re4 28. Bd3 Rxa4 29. Bc2 Rc4 30. Bb3 Re4 31. Bc2 Re2 32. Rc1 Rd8 33. Rxf4 Rdd2
34. Bd1 Rxg2+ 35. Kf1 Rxh2 36. Bf3 Nh5 0-1

[Event "Mexico City UNAM op"]
[Site "Mexico City"]
[Date "2012.11.25"]
[Round "7"]
[White "Gara, Ticia"]
[Black "Gonzalez Zamora, Juan Carlos"]
[Result "0-1"]
[WhiteElo "2377"]
[BlackElo "2542"]
[PlyCount "121"]
[EventDate "2012.11.21"]
[EventType "swiss"]
[EventRounds "9"]
[EventCountry "MEX"]
[SourceTitle "OM OTB B 201907"]
[Source "Opening Master"]
[SourceDate "2019.07.06"]
[SourceVersion "2"]
[SourceVersionDate "2019.07.06"]
[SourceQuality "1"]

1. e4 c5 2. Nf3 d6 3. d4 cxd4 4. Nxd4 Nf6 5. Nc3 Nc6 6. Be2 e5 7. Nf3 Be7 8.
Bg5 O-O 9. O-O Be6 10. Qd2 Qb6 11. Rab1 Rac8 12. Bxf6 Bxf6 13. Rfd1 Rfd8 14.
Nd5 Bxd5 15. exd5 Ne7 16. c4 e4 17. Nd4 Re8 18. b3 a6 19. g3 e3 20. fxe3 Bg5
21. Kg2 Nxd5 22. cxd5 Bxe3 23. Qd3 Qxd4 24. Qxd4 Bxd4 25. Bd3 g6 26. Re1 Rxe1
27. Rxe1 Be5 28. g4 Kg7 29. Be4 Rc3 30. Re2 a5 31. Rc2 Re3 32. Bf3 Bxh2 33. Rc7
Be5 34. Rxb7 Rc3 35. a3 Rc2+ 36. Kf1 Bd4 37. Be2 Bc5 38. b4 Rb2 39. b5 Bxa3 40.
Ra7 Bb4 41. Ra6 Kf6 42. Ra7 h6 43. Bd1 Rb1 44. Ke2 Bc5 45. Rxa5 Bb6 46. Ra3
Rxb5 47. Rf3+ Kg5 48. Rxf7 Rxd5 49. Bc2 Re5+ 50. Kf1 Re6 51. Rg7 Rf6+ 52. Ke1
d5 53. Bd3 Be3 54. Be2 Re6 55. Rd7 d4 56. Rd5+ Kf4 57. Rd7 Rb6 58. Rf7+ Kg5 59.
Bd3 Kxg4 60. Rg7 Kg5 61. Bf1 0-1

[Event "Ufa-ch"]
[Site "Ufa"]
[Date "2012.11.20"]
[Round "2"]
[White "Glidzhain, Gor"]
[Black "Tangatarov, Timur"]
[Result "1/2-1/2"]
[WhiteElo "2331"]
[BlackElo "2175"]
[PlyCount "93"]
[EventDate "2012.11.19"]
[EventType "tourn"]
[EventRounds "9"]
[EventCountry "RUS"]
[SourceTitle "OM OTB B 201907"]
[Source "Opening Master"]
[SourceDate "2019.07.06"]
[SourceVersion "2"]
[SourceVersionDate "2019.07.06"]
[SourceQuality "1"]

1. e4 c5 2. Nf3 d6 3. d4 cxd4 4. Nxd4 Nf6 5. Nc3 Nc6 6. Be2 e5 7. Nb3 Be7 8.
Bg5 O-O 9. Qd2 a5 10. a4 Be6 11. O-O Nb4 12. Rad1 h6 13. Bxf6 Bxf6 14. Nb5 Rc8
15. Na1 Bg5 16. Qxd6 Nxc2 17. Qxe5 Qf6 18. Qxf6 Bxf6 19. Nd6 Rc7 20. Nxc2 Rxc2
21. Bb5 b6 22. f4 Bxb2 23. f5 Ba2 24. Rf2 Rxf2 25. Kxf2 Rd8 26. Rd2 Bc3 27.
Rxa2 Rxd6 28. Ke3 Bd4+ 29. Kf3 Kf8 30. g4 Ke7 31. Rc2 Bc5 32. h4 Kf6 33. Kf4
g5+ 34. fxg6 Kxg6 35. h5+ Kg7 36. g5 hxg5+ 37. Kxg5 Re6 38. Kf5 Rf6+ 39. Ke5
Re6+ 40. Kf4 Rf6+ 41. Kg4 Rf2 42. Rc3 Kh6 43. Be8 Rg2+ 44. Kf3 Rg8 45. Bd7 Kxh5
46. Rc2 Rg1 47. Rh2+ 1/2-1/2

[Event "condoru's mini-tournament XIV"]
[Site "http://gameknot.com/chess.pl?"]
[Date "2012.11.20"]
[Round "?"]
[White "yulio"]
[Black "chuckhar"]
[Result "1/2-1/2"]
[WhiteElo "2018"]
[BlackElo "2260"]
[PlyCount "126"]
[EventDate "2012.??.??"]

1. e4 c5 2. Nf3 d6 3. d4 cxd4 4. Nxd4 Nf6 5. Nc3 Nc6 6. Be2 e5 7. Nf3 h6 8. Bc4
Be7 9. a3 Be6 10. Bd5 Rc8 11. O-O O-O 12. Qd3 a6 13. Be3 Qc7 14. Rfd1 Na5 15.
Nd2 b5 16. Rac1 Nc4 17. Nxc4 bxc4 18. Qe2 Nxd5 19. Nxd5 Bxd5 20. Rxd5 Qb7 21.
c3 f5 22. Rcd1 f4 23. Bc1 Rf6 24. Kh1 Kh7 25. Qf3 Rcf8 26. Kg1 Rg6 27. Kh1 Qc8
28. Kg1 Rff6 29. Bd2 Rg5 30. Kh1 Rfg6 31. Rg1 Bd8 32. Bc1 Bb6 33. h3 a5 34.
Rdd1 a4 35. Rd5 Bc5 36. Kh2 Qb7 37. Kh1 Qa7 38. Rd2 Rg3 39. fxg3 Bxg1 40. gxf4
exf4 41. Re2 Bc5 42. Bxf4 Rf6 43. g3 g6 44. h4 Qb7 45. Kg2 Rf8 46. Qg4 Rf5 47.
h5 Rxh5 48. Qe6 Rf5 49. Qxc4 g5 50. Bxd6 Bxd6 51. Qe6 Rb5 52. Qxd6 Rxb2 53. Qd3
Rxe2+ 54. Qxe2 Kg7 55. Qc4 Qb2+ 56. Kh3 Qxa3 57. Qc7+ Kg8 58. Qc6 Qb3 59. Qg6+
Kf8 60. Qxh6+ Kf7 61. Qh7+ Ke8 62. Qh8+ Kf7 63. Qh5+ Kf6 1/2-1/2

[Event "Wch U12"]
[Site "Maribor"]
[Date "2012.11.18"]
[Round "11.46"]
[White "Moazami, Amir"]
[Black "Chesterkine, Vassili"]
[Result "1/2-1/2"]
[WhiteElo "1946"]
[BlackElo "1761"]
[PlyCount "100"]
[EventDate "2012.11.08"]
[EventType "swiss"]
[EventRounds "11"]
[EventCountry "SLO"]
[SourceTitle "OM OTB B 201907"]
[Source "Opening Master"]
[SourceDate "2019.07.06"]
[SourceVersion "2"]
[SourceVersionDate "2019.07.06"]
[SourceQuality "1"]

1. e4 c5 2. Nf3 d6 3. d4 cxd4 4. Nxd4 Nf6 5. Nc3 Nc6 6. Be2 e5 7. Nf3 h6 8. O-O
Be7 9. Re1 a6 10. a4 O-O 11. h3 Be6 12. Bf1 Qa5 13. Bd2 Qc7 14. Be3 Qa5 15. Qd2
Rfd8 16. Rad1 Kh8 17. g4 d5 18. Nxd5 Qxd2 19. Bxd2 Nxd5 20. exd5 Bxd5 21. Nxe5
Nxe5 22. Rxe5 Bf6 23. Rf5 Be4 24. Bd3 Bxd3 25. cxd3 Rxd3 26. Kf1 Rad8 27. Ke2
Rxh3 28. Rc1 Rd7 29. b4 Re7+ 30. Be3 Bd4 31. Rf3 Rxf3 32. Kxf3 Bxe3 33. fxe3
Kh7 34. Rc5 Kg6 35. e4 Re6 36. b5 Kf6 37. Ke3 Re5 38. Kd4 Rxc5 39. Kxc5 h5 40.
gxh5 Ke5 41. Kb6 axb5 42. axb5 Kxe4 43. Kxb7 f5 44. Kc7 f4 45. b6 f3 46. b7 f2
47. b8=Q f1=Q 48. Qe8+ Kd5 49. Qd7+ Ke4 50. Qe7+ Kd5 1/2-1/2